| 000 | 00700nam a2200229Ia 4500 | ||
|---|---|---|---|
| 003 | OSt | ||
| 005 | 20240507145118.0 | ||
| 008 | 210716s2015 xx 000 0 und d | ||
| 020 | _a9789322008420 | ||
| 040 | _cAIMIT LIBRARY | ||
| 041 | _aeng | ||
| 082 |
_a374.22 _21 _bMALS |
||
| 100 |
_aMalik, Shiv. _9163642 |
||
| 245 |
_aMantras for success : _bwhat it takes to reach the top / _cBy Shiv Malik. |
||
| 250 | _a1st ed. | ||
| 260 |
_aNew Delhi : _bKonark Publishers Pvt Ltd , _c2015. |
||
| 300 |
_axv,286p. ; _bPB _c19.5 cm |
||
| 650 |
_aIntegrity and honesty _9163643 |
||
| 650 |
_aFriendship and loyalty _9163644 |
||
| 650 |
_aOur full potential _9163645 |
||
| 942 |
_2ddc _cBK _e1st _k374.22 MALS |
||
| 999 |
_c209122 _d209122 |
||